000 00822nas a2200241 4500
001 BR9100675
003 BR-BrBNA
005 20231205091924.0
007 ta
008 230509b bl.|||p| |||| 00| 00por d
040 _aBR-BrBNA
_bpor
_cBiblioteca Nacional de Agricultura
041 _a(Pt)
072 _aL51
100 1 _aTeixeira, J.C.
100 1 _aHuber, J.T.
245 1 _aDeterminacao da digestibilidade pos-ruminal da proteina de sementes de algodao pela tecnica do saco de nailon movel em vacas leiteiras
_bParte de tese
650 _aVACA LEITEIRA
650 _aDIGESTIBILIDADE
650 _aALGODAO
773 0 _tRevista da Sociedade Brasileira de Zootecnia (Brazil)
_xISSN 0100-4859
_g(Jul-Aug 1989), v. 18(4) p. 295-305
_wBR9100675
909 _a202311
_bLúcia
_c55
_dLúcia Elande
942 _2AGRIS
_n0
_cANA
999 _c128170
_d128170